000 02220nam a22004338i 4500
001 BRILL9789004686267
003 nllekb
005 20260415155106.0
006 m d
007 cr un uuuua
008 231123s2024 gw sb 001 0 eng d
020 _a9789004686267
_q(electronic book)
020 _z9789004684898
_q(print)
024 7 _a110.1163/9789004686267
_2DOI
035 _z(OCoLC)1402021024
040 _aNL-LeKB
_cNL-LeKB
_erda
041 _aeng
050 4 _aD116
072 7 _aHB
_2bicssc
072 7 _aHIS
_x000000
_2bisacsh
082 0 4 _a940.1
_223
245 1 4 _aThe Medieval Chronicle 16 /
_cedited by Erik Kooper and Sjoerd Levelt.
300 _a1 online resource (320 pages) :
_billustrations.
490 1 _aLate Antiquity and Medieval Studies E-Books Online, Collection 2024
490 1 _aThe Medieval Chronicle ;
_v16
504 _aIncludes bibliographical references and index.
520 _aAlongside annals, chronicles were the main genre of historical writing in the Middle Ages. All chronicles raise such questions as by whom, for whom, or for what purpose they were written, how they reconstruct the past, or which literary influences are discernible in them. Their significance as sources for the study of history, literature, linguistics, and art is widely appreciated. The series The Medieval Chronicle , published in cooperation with the Medieval Chronicle Society (medievalchronicle.org), provides a representative survey of on-going research in the field of chronicle studies, illustrated by examples from a wide variety of countries, periods, and cultural backgrounds.
546 _aEnglish
650 0 _aLiterature, Medieval
_xHistory and criticism
_vCongresses.
650 0 _aLiterature, Medieval.
650 0 _aMiddle Ages
_xHistoriography
_vCongresses.
700 1 _aKooper, Erik,
_eeditor.
700 1 _aLevelt, Sjoerd,
_eeditor.
776 0 8 _iPrint version:
_tThe Medieval Chronicle 16.
_dLeiden ; Boston : Brill, 2024.
_z9789004684898
830 0 _aLate Antiquity and Medieval Studies E-Books Online, Collection 2024.
830 0 _aThe Medieval Chronicle ;
_v16.
856 4 _uhttp://dx.doi.org/10.1163/9789004686267
942 _2ddc
_cE-BOOK
999 _c49382
_d49382